LEADER 01336nam a2200289 a 4500 001 000000122446 003 CaOOAMICUS 005 20140909105649.0 008 100707s1998 it u000 u ita r 020 $a88-15-06689-6 040 $aPUL$bita$dReb 082 04$a909 100 1 $aDe Vergottini, Giuseppe.$0(OLS)http://pul/name/27923 245 13$aLe transizioni costituzionali :$bsviluppi e crisi del costituzionalismo alla fine del XX secolo /$cGiuseppe De Vergottini. 260 $aBologna :$bIl Mulino,$c©1998. 300 $a231 p. ;$c21 cm. 490 1 $aUniversale paperbacks Il Mulino ;$v343 504 $aInclude riferimenti bibliografici ed indice. 650 4$aCostituzionalismo$ySec. XX-XXI.$0(OLS)http://pul/subject/37060 830 0$aUniversale paperbacks Il Mulino ;$v343.$0(OLS)http://pul/title/190 850 $aPUL 852 $aPUL$W1$xDP2 Filosofia 3$y112$m909 COLL 2.343$j140614$qDDC 21$B139721$CPULBib$Z2$F139721 $H114285 $82 941 1 $a9 996 $6020$a88-15-06689-6$9(OLS)http://pul/number/144822 996 $6082$a909$9(OLS)http://pul/classification/566 996 $6245$aLe transizioni costituzionali :$bsviluppi e crisi del costituzionalismo alla fine del XX secolo$9(OLS)http://pul/title/154215 996 $6260$aBologna :$bIl Mulino$9(OLS)http://pul/publisher/47928 LEADER 01153nam a2200289 a 4500 001 000000131535 003 CaOOAMICUS 005 20121122120143.0 008 121122s1994 it u000 u ita r 020 $a88-420-4460-1 040 $aPUL$bita 100 1 $aBretone, Mario,$d1932-$0(OLS)http://pul/name/30622 245 10$aDiritto e tempo nella tradizione europea /$cMario Bretone. 260 $aBari ; Roma :$bGius. Laterza & figli,$c1994. 300 $aVII, 223 p. ;$c21 cm 490 1 $aQuadrante ;$v71 504 $aInclude riferimenti bibliografici ed indice. 650 4$aDiritto e societą.$0(OLS)http://pul/subject/12546 830 0$aQuadrante ;$v71.$0(OLS)http://pul/title/12896 850 $aPUL 852 $aPUL$W1$xDP1 Fondo E. Rossi$y115$m1 B 147$j151802$qFondi$B150745$CPULBib$Z2$F150745 $82 941 1 $a1 961 $aSul dorso collocazione ms. di E. Rossi: B 85 3 996 $6020$a88-420-4460-1$9(OLS)http://pul/number/151146 996 $6245$aDiritto e tempo nella tradizione europea$9(OLS)http://pul/title/166162 996 $6260$aBari ; Roma :$bGius. Laterza & figli$9(OLS)http://pul/publisher/81307